Statistics for Countries Inside Other Countries

Click here to take the quiz!

General Stats

  • This quiz has been taken 544 times
  • The average score is 5 of 10

Answers on the Map

Answers color-coded by a green-red scale on the quiz's map according to % correct below.
Loading ...
 

Answer Stats

Country% Correct
Poland
94%
Cyprus
69%
North Macedonia
60%
Uruguay
60%
Estonia
53%
Monaco
37%
San Marino
31%
Nauru
29%
Andorra
28%
Mauritius
18%

Score Distribution

Percentile by Number Answered

Percent of People with Each Score

Your Score History

You have not taken this quiz